000 00287nam a2200133Ia 4500
100 _aDGET
942 _cBK
654 _awelding
245 _aWelding theory and practice
260 _bTata Mc Graw hill
_aNew Delhi
_c1985
082 _a671.52
_bDGE
300 _a125
546 _aENGLISH
999 _c30972
_d30972